[Event "IECC Swiss-514.2"]
[Site "IECC email"]
[Date "2007.01.03"]
[Round "?"]
[White "Ormando, Nicola"]
[Black "Garcia, Arsenio"]
[Result "1-0"]
[WhiteElo "1378"]
[BlackElo "1117"]
[PlyCount "69"]
[EventDate "2007.??.??"]
[EventType "tourn (corr)"]
[EventRounds "1"]
[SourceTitle "Corr 2008"]
[Source "ChessBase"]
[SourceDate "2008.06.24"]
[SourceVersion "1"]
[SourceVersionDate "2008.06.24"]
[SourceQuality "1"]
[WhiteTeam "Italy"]
[BlackTeam "Philippines"]
[WhiteTeamCountry "ITA"]
[BlackTeamCountry "PHI"]

1. d4 e6 2. c4 d5 3. Nf3 c6 4. Nc3 Nf6 5. Bg5 Be7 6. cxd5 exd5 7. e3 Bg4 8. Qb3 Qb6 9. Qxb6 axb6 10. Ne5 Bf5 11. f3 Nbd7 12. f4 Ne4 13. Bxe7 Kxe7 14. Bd3 Bg6 15. Nxg6+ hxg6 16. Nxe4 dxe4 17. Bxe4 Rhe8 18. Bf3 Kd6 19. Kf2 Nf6 20. Rhd1 Ne4+ 21. Ke2 g5 22. Bxe4 Rxe4 23. fxg5 Rae8 24. Rd3 Ke6 25. d5+ cxd5 26. Rad1 Rd8 27. Kf3 Ra4 28. a3 g6 29. g4 Re4 30. Rc1 Rd6 31. Rc7 Rc6 32. Rxb7 f6 33. gxf6 Kxf6 34. Rxd5 Ree6 35. g5# 1-0